[Event "SR 2. liga A 2010/2011"]
[Site "?"]
[Date "2011.03.27"]
[Round "66.1"]
[White "Petreje, Juraj"]
[Black "Likavsky, Tomas"]
[Result "0-1"]
[WhiteElo "2228"]
[BlackElo "2459"]
[PlyCount "70"]
[EventDate "2010.??.??"]
[WhiteTeam "Slovakia"]
[BlackTeam "Slovakia"]
[WhiteTeamCountry "SVK"]
[BlackTeamCountry "SVK"]

1. d4 Nf6 2. c4 e6 3. g3 d5 4. Bg2 dxc4 5. Qa4+ Nbd7 6. Qxc4 a6 7. Nc3 b5 8.
Qd3 Rb8 9. Nf3 Bb7 10. O-O c5 11. Bf4 c4 12. Qc2 Rc8 13. Rad1 Be7 14. Rfe1 b4
15. Nb1 Qa5 16. Nbd2 c3 17. bxc3 bxc3 18. Nb3 Qf5 19. Qc1 O-O 20. Rd3 Qb5 21.
Ne5 Bxg2 22. Kxg2 Nd5 23. Nxd7 Qxd7 24. Nc5 Bxc5 25. dxc5 Rxc5 26. Qa3 Qc6 27.
f3 Nxf4+ 28. gxf4 c2 29. Rc1 g6 30. Rd2 Rc8 31. Rd4 Qb5 32. Kf2 Rh5 33. Qd3
Rxh2+ 34. Ke3 Qb2 35. Kd2 Qxc1+ 0-1

[Event "SR 2. liga A 2010/2011"]
[Site "?"]
[Date "2011.03.27"]
[Round "66.2"]
[White "Doucha, Ludvik"]
[Black "Bronis, Marian"]
[Result "0-1"]
[WhiteElo "2099"]
[BlackElo "2136"]
[PlyCount "88"]
[EventDate "2010.??.??"]
[WhiteTeam "Slovakia"]
[BlackTeam "Slovakia"]
[WhiteTeamCountry "SVK"]
[BlackTeamCountry "SVK"]

1. e4 c5 2. c4 Nc6 3. Ne2 Nf6 4. Nbc3 e6 5. Nf4 g5 6. Nh5 Nxh5 7. Qxh5 Be7 8.
Be2 Nd4 9. Bd1 a6 10. O-O O-O 11. d3 b5 12. h4 f6 13. hxg5 fxg5 14. f4 Bb7 15.
fxg5 Rxf1+ 16. Kxf1 Qf8+ 17. Kg1 Qg7 18. Be3 Rf8 19. Qh6 Bd6 20. Rc1 Be5 21.
Qxg7+ Kxg7 22. b3 Kg6 23. Ne2 Nxe2+ 24. Bxe2 d6 25. Bg4 Bc8 26. Bf3 b4 27. Kf2
Bd4 28. Bxd4 cxd4 29. c5 dxc5 30. Rxc5 Bd7 31. Rc4 e5 32. Rxb4 Bb5 33. Ke2 Rb8
34. Kd2 a5 35. Rc4 Bxc4 36. dxc4 Kxg5 37. Kc2 Kf4 38. Kb2 Ke3 39. a3 Kd2 40.
Bg4 d3 41. c5 Rb5 42. c6 Rc5 43. Bd7 Ke3 44. b4 d2 0-1

[Event "SR 2. liga A 2010/2011"]
[Site "?"]
[Date "2011.03.27"]
[Round "66.3"]
[White "Biro, Karol"]
[Black "Liptak, Dusan"]
[Result "1-0"]
[WhiteElo "2132"]
[BlackElo "2086"]
[PlyCount "113"]
[EventDate "2010.??.??"]
[WhiteTeam "Slovakia"]
[BlackTeam "Slovakia"]
[WhiteTeamCountry "SVK"]
[BlackTeamCountry "SVK"]

1. c4 e5 2. Nc3 Nc6 3. g3 g6 4. Bg2 Bg7 5. e3 d6 6. d3 f5 7. Nge2 Nf6 8. O-O
O-O 9. Rb1 g5 10. f4 h6 11. Kh1 Qe8 12. Nd5 Nxd5 13. Bxd5+ Kh8 14. Bg2 Ne7 15.
b3 c6 16. Ba3 Qd8 17. Qd2 a5 18. e4 g4 19. d4 exd4 20. Nxd4 Re8 21. exf5 Bxf5
22. Rbe1 Qd7 23. Bb2 a4 24. Bc3 axb3 25. axb3 Rf8 26. Qb2 Rf7 27. Rd1 Qc7 28.
Rfe1 Qd7 29. Re2 Raf8 30. Rde1 d5 31. c5 Rb8 32. Ne6 Bxc3 33. Qxc3+ Kh7 34. Nd4
b6 35. Re5 Ng6 36. R5e3 h5 37. Kg1 Rb7 38. Bf1 Be4 39. Bg2 Bf5 40. Re8 Rf8 41.
Rxf8 Nxf8 42. cxb6 Bg6 43. Qc5 Qd8 44. Nxc6 Qxb6 45. Qxb6 Rxb6 46. Bxd5 Bd3 47.
Re7+ Kh6 48. Ne5 Bc2 49. Re8 Nh7 50. Re6+ Rxe6 51. Bxe6 Nf6 52. b4 Ne8 53. b5
Be4 54. b6 Kg7 55. Bd7 Nd6 56. Bc6 Bxc6 57. Nxc6 1-0

[Event "SR 2. liga A 2010/2011"]
[Site "?"]
[Date "2011.03.27"]
[Round "66.4"]
[White "Hertel, Ondrej"]
[Black "Mandak, Miroslav"]
[Result "0-1"]
[WhiteElo "2072"]
[BlackElo "2069"]
[PlyCount "114"]
[EventDate "2010.??.??"]
[WhiteTeam "Slovakia"]
[BlackTeam "Slovakia"]
[WhiteTeamCountry "SVK"]
[BlackTeamCountry "SVK"]

1. d4 Nf6 2. Nf3 e6 3. c4 b6 4. g3 Bb7 5. Bg2 Be7 6. O-O O-O 7. b3 d5 8. Bb2
Nbd7 9. Nbd2 dxc4 10. Nxc4 c5 11. e3 Rc8 12. Rc1 Qc7 13. Nce5 Nxe5 14. dxe5
Rfd8 15. Qe2 Nd7 16. Rfd1 Bxf3 17. Bxf3 Nxe5 18. Be4 Bf6 19. f4 Nd7 20. Ba3 g6
21. g4 Bg7 22. g5 Nf8 23. Rf1 Qe7 24. Rc2 e5 25. f5 Qxg5+ 26. Kh1 Qh4 27. Qf3
Qf6 28. Rg2 Kh8 29. Qe2 Qd6 30. Qg4 Nd7 31. fxg6 fxg6 32. Qh3 Rf8 33. Re1 Kg8
34. Bc1 Nf6 35. Bb7 Rc7 36. Rd2 Qe7 37. Ba6 Ne4 38. Bc4+ Kh8 39. Bd3 Nxd2 40.
Bxg6 Bf6 41. Bxd2 Qd7 42. Qh6 Qg7 43. Qxg7+ Bxg7 44. Be4 Rf2 45. Bc3 Rxa2 46.
Rd1 Rc8 47. Rd7 Re2 48. Bd2 Rf8 49. Kg1 Ref2 50. Bc3 R2f7 51. Rd2 Re7 52. Kg2
Bh6 53. Rd3 Bg7 54. h3 Bf6 55. Rd6 Kg7 56. Kf3 Rff7 57. Bf5 e4+ 0-1

[Event "SR 2. liga A 2010/2011"]
[Site "?"]
[Date "2011.03.27"]
[Round "66.5"]
[White "Kebis, Milos"]
[Black "Sturdik, Igor"]
[Result "1-0"]
[WhiteElo "1994"]
[BlackElo "2071"]
[PlyCount "103"]
[EventDate "2010.??.??"]
[WhiteTeam "Slovakia"]
[BlackTeam "Slovakia"]
[WhiteTeamCountry "SVK"]
[BlackTeamCountry "SVK"]

1. c4 Nf6 2. Nc3 e6 3. d4 c5 4. Nf3 cxd4 5. Nxd4 d5 6. e3 Be7 7. Be2 dxc4 8.
Qa4+ Bd7 9. Qxc4 Nc6 10. O-O Rc8 11. Rd1 Qb6 12. Nxc6 Bxc6 13. Qf4 O-O 14. e4
Rfd8 15. Rb1 Rxd1+ 16. Bxd1 Bb4 17. Be3 Qa5 18. f3 Bxc3 19. bxc3 Qxa2 20. Rc1
Bb5 21. Bd4 Nd7 22. Rc2 Qa6 23. Rd2 h6 24. h4 Qc6 25. e5 Nb6 26. Bb3 Rd8 27.
Kh2 Bc4 28. Bxb6 Rxd2 29. Qxd2 axb6 30. Bc2 Qd5 31. Qe3 Qc5 32. Qe4 g6 33. h5
f5 34. exf6 Qxh5+ 35. Kg1 Qc5+ 36. Kh2 Qh5+ 37. Kg3 Qg5+ 38. Kf2 Qd2+ 39. Kg1
Qg5 40. Qxc4 Qxf6 41. Qc8+ Kg7 42. Qxb7+ Kf8 43. Qc8+ Kg7 44. Qd7+ Kf8 45. Qd4
Qxd4+ 46. cxd4 Kg7 47. Kf2 g5 48. g4 Kf6 49. Ke3 e5 50. d5 Ke7 51. Ke4 Kd6 52.
Ba4 1-0

[Event "SR 2. liga A 2010/2011"]
[Site "?"]
[Date "2011.03.27"]
[Round "66.6"]
[White "Puchart, Vladimir"]
[Black "Povysil, Peter"]
[Result "1-0"]
[WhiteElo "2064"]
[BlackElo "2012"]
[PlyCount "35"]
[EventDate "2010.??.??"]
[WhiteTeam "Slovakia"]
[BlackTeam "Slovakia"]
[WhiteTeamCountry "SVK"]
[BlackTeamCountry "SVK"]

1. d4 d5 2. c4 c6 3. Nc3 Nf6 4. Nf3 e6 5. Bg5 dxc4 6. g3 Nbd7 7. Bg2 Qa5 8. O-O
Bb4 9. Qc2 O-O 10. e4 b5 11. e5 Bxc3 12. exf6 Bb4 13. fxg7 Re8 14. Ne5 Nxe5 15.
dxe5 Qc7 16. Bf6 Be7 17. Be4 Bxf6 18. exf6 1-0

[Event "SR 2. liga A 2010/2011"]
[Site "?"]
[Date "2011.03.27"]
[Round "66.7"]
[White "Dolnak, Michal"]
[Black "Mosny, Jaroslav"]
[Result "1/2-1/2"]
[WhiteElo "1878"]
[BlackElo "1982"]
[PlyCount "96"]
[EventDate "2010.??.??"]
[WhiteTeam "Slovakia"]
[BlackTeam "Slovakia"]
[WhiteTeamCountry "SVK"]
[BlackTeamCountry "SVK"]

1. d4 d5 2. c4 e6 3. Nc3 Nf6 4. Bg5 Nbd7 5. cxd5 exd5 6. e3 c6 7. Bd3 Be7 8.
Qc2 O-O 9. Nge2 Re8 10. Bh4 Nf8 11. f3 c5 12. O-O c4 13. Bf5 g6 14. Bxc8 Rxc8
15. Nf4 N8d7 16. Rad1 Nb6 17. Rfe1 Qd7 18. Bg3 Bd6 19. e4 Bxf4 20. Bxf4 dxe4
21. fxe4 Qg4 22. Bc1 Rcd8 23. h3 Qh4 24. Qf2 Qxf2+ 25. Kxf2 Kg7 26. Kf3 h6 27.
Bf4 Nbd7 28. e5 Nh5 29. Bh2 Kf8 30. Ne4 Ng7 31. Nd6 Re6 32. Nxc4 Rc6 33. b3 b5
34. Nd6 Rc3+ 35. Re3 Rc2 36. d5 Nf5 37. Nxf5 gxf5 38. e6 fxe6 39. dxe6 Ne5+ 40.
Rxe5 Rxd1 41. Rxf5+ Ke7 42. Rf7+ Kxe6 43. Rxa7 Rdd2 44. Ra6+ Kf7 45. Rxh6 Rxg2
46. Bb8 Rxa2 47. Rh5 Rgb2 48. Rxb5 Ra3 1/2-1/2

[Event "SR 2. liga A 2010/2011"]
[Site "?"]
[Date "2011.03.27"]
[Round "66.8"]
[White "Krist, Milan"]
[Black "Holubcik, Marian"]
[Result "0-1"]
[WhiteElo "2004"]
[BlackElo "1968"]
[PlyCount "124"]
[EventDate "2010.??.??"]
[WhiteTeam "Slovakia"]
[BlackTeam "Slovakia"]
[WhiteTeamCountry "SVK"]
[BlackTeamCountry "SVK"]

1. d4 f5 2. c4 e6 3. Nc3 Nf6 4. Nf3 d5 5. e3 c6 6. Be2 Bd6 7. O-O O-O 8. Ne5
Nbd7 9. Nxd7 Bxd7 10. c5 Bc7 11. b4 e5 12. g3 Ne4 13. Bb2 exd4 14. Qxd4 Qe7 15.
Nxe4 fxe4 16. f4 exf3 17. Bxf3 Rae8 18. Rae1 Qg5 19. Qd2 Bh3 20. Bg2 Rxf1+ 21.
Kxf1 Bxg2+ 22. Kxg2 Be5 23. Bc1 Qf5 24. Rf1 Qe4+ 25. Kg1 d4 26. Qg2 Qxg2+ 27.
Kxg2 dxe3 28. Kf3 e2 29. Re1 Bc3 30. Rxe2 Rxe2 31. Kxe2 Bxb4 32. Be3 Ba5 33.
Kd3 Kf7 34. a4 Ke6 35. Ke4 b6 36. g4 bxc5 37. Bxc5 Bb6 38. Bb4 a6 39. h3 g6 40.
Bc3 Kd6 41. Be5+ Ke6 42. Bg3 Bd8 43. Be5 Be7 44. Bg3 Bf6 45. Bf4 h5 46. Bc7
hxg4 47. hxg4 c5 48. Bf4 c4 49. Bc1 Kd6 50. Ba3+ Kc6 51. Bb4 Kb6 52. Ke3 Bb2
53. Ke4 Kc6 54. Ba5 Kc5 55. Ke3 Kd5 56. Bc7 Bd4+ 57. Ke2 Ke4 58. a5 Bc3 59. g5
Be5 60. Bd8 Bc3 61. Bc7 Bb4 62. Bd8 c3 0-1

[Event "SR 2. liga A 2011/2012"]
[Site "?"]
[Date "2011.10.08"]
[Round "1.1"]
[White "Pagerka, Martin"]
[Black "Schwarz, Dusan"]
[Result "1/2-1/2"]
[WhiteElo "2200"]
[BlackElo "2286"]
[PlyCount "82"]
[EventDate "2011.??.??"]
[WhiteTeam "Slovakia"]
[BlackTeam "Slovakia"]
[WhiteTeamCountry "SVK"]
[BlackTeamCountry "SVK"]

1. e4 c5 2. Nf3 e6 3. d4 cxd4 4. Nxd4 a6 5. Nc3 Qc7 6. Bd3 Nf6 7. Qe2 Bc5 8.
Nb3 Bd6 9. Be3 b5 10. a4 b4 11. Nb1 Nc6 12. a5 Bb7 13. g3 Be7 14. N1d2 d5 15.
Bb6 Qc8 16. O-O O-O 17. f4 dxe4 18. Nxe4 Nxe4 19. Bxe4 Bf6 20. c3 bxc3 21. bxc3
Ne7 22. Nc5 Bxe4 23. Nxe4 Nd5 24. Rfc1 Qc6 25. Rab1 Be7 26. c4 Nf6 27. Ng5 Bc5+
28. Bxc5 Qxc5+ 29. Qf2 Rfc8 30. Rb7 Qxa5 31. Nxf7 Rc7 32. Rxc7 Qxc7 33. Ne5 Ne4
34. Qd4 Qc5 35. Qxc5 Nxc5 36. Kf2 a5 37. Ra1 a4 38. Ra3 Rb8 39. Nd3 Nxd3+ 40.
Rxd3 Rc8 41. Rc3 a3 1/2-1/2

[Event "SR 2. liga A 2011/2012"]
[Site "?"]
[Date "2011.10.08"]
[Round "1.2"]
[White "Janos, Martin"]
[Black "Cajka, Tibor"]
[Result "1/2-1/2"]
[WhiteElo "2252"]
[BlackElo "2140"]
[PlyCount "103"]
[EventDate "2011.??.??"]
[WhiteTeam "Slovakia"]
[BlackTeam "Slovakia"]
[WhiteTeamCountry "SVK"]
[BlackTeamCountry "SVK"]

1. d4 d5 2. Nf3 Nf6 3. Bf4 e6 4. e3 Bd6 5. Nbd2 Bxf4 6. exf4 c5 7. dxc5 Qa5 8.
Bd3 Qxc5 9. O-O O-O 10. c3 b6 11. Re1 Ba6 12. Bc2 Nc6 13. Ne5 Ne7 14. Qf3 Rad8
15. Qh3 Ng6 16. Nxg6 hxg6 17. Nf3 d4 18. Ne5 Rfe8 19. Rac1 d3 20. Nxd3 Bxd3 21.
Bxd3 Qd5 22. Bb1 Qd2 23. b3 Qxf4 24. Qg3 Qxg3 25. hxg3 Rd2 26. c4 Red8 27. f3
Kf8 28. Rc2 Ke7 29. b4 Nh5 30. Kh2 g5 31. Rec1 Rxc2 32. Bxc2 g4 33. fxg4 Nf6
34. g5 Ng4+ 35. Kg1 Ne3 36. Be4 Rd4 37. Bf3 Rxc4 38. Rxc4 Nxc4 39. Kf2 Kd6 40.
Be2 Kd5 41. Bf3+ Kd4 42. Bc6 Kc3 43. b5 Kb4 44. Kf3 Nd6 45. Kf4 f6 46. Kg4 Nxb5
47. Kh5 Nd4 48. Bb7 e5 49. g4 Kc5 50. gxf6 gxf6 51. Kg6 Nc6 52. Bxc6 1/2-1/2

[Event "SR 2. liga A 2011/2012"]
[Site "?"]
[Date "2011.10.08"]
[Round "1.3"]
[White "Bury, Rastislav"]
[Black "Novak, Ivan"]
[Result "0-1"]
[WhiteElo "2173"]
[BlackElo "2187"]
[PlyCount "72"]
[EventDate "2011.??.??"]
[WhiteTeam "Slovakia"]
[BlackTeam "Slovakia"]
[WhiteTeamCountry "SVK"]
[BlackTeamCountry "SVK"]

1. d4 Nc6 2. d5 Ne5 3. f4 Ng6 4. e4 e6 5. dxe6 dxe6 6. Qxd8+ Kxd8 7. Be3 Nf6 8.
Bd3 Bd7 9. Ne2 Bc6 10. Nd2 Bb4 11. O-O-O Bxd2+ 12. Rxd2 Ke8 13. Nc3 Ng4 14. Bd4
Nxf4 15. Bxg7 Rg8 16. Bd4 Rd8 17. Bb5 Bxb5 18. Nxb5 c6 19. Nc7+ Ke7 20. Bc5+
Kf6 21. Bd6 Rxd6 22. Rxd6 Ke7 23. Rhd1 Ne5 24. R6d2 Rc8 25. Nd5+ cxd5 26. exd5
Nxd5 27. Re1 f6 28. Re4 Kf7 29. Rh4 Kg7 30. b3 b5 31. Kb2 a5 32. c3 Nxc3 33.
Rd6 Nd5 34. Rh3 Nf4 35. Rg3+ Kf7 36. b4 Nc4+ 0-1

[Event "SR 2. liga A 2011/2012"]
[Site "?"]
[Date "2011.10.08"]
[Round "1.4"]
[White "Janos, Jozef"]
[Black "Hecko, Dusan"]
[Result "1-0"]
[WhiteElo "2145"]
[BlackElo "2123"]
[Annotator "Hecko"]
[PlyCount "73"]
[EventDate "2011.??.??"]
[WhiteTeam "Slovakia"]
[BlackTeam "Slovakia"]
[WhiteTeamCountry "SVK"]
[BlackTeamCountry "SVK"]

{D60: Queen's Gambit Declined: Classical: Unusual White 7th moves} 1. d4 Nf6 2.
Nf3 d5 3. c4 e6 4. Nc3 Be7 5. Bg5 Nbd7 6. e3 O-O 7. Be2 c5 ({kniz. Fritz} 7...
dxc4 8. Bxc4 c5) 8. cxd5 Nxd5 9. Bxe7 Nxe7 10. O-O $16 b6 11. Qb3 Bb7 $14 12.
Rfd1 Nd5 13. Rac1 cxd4 14. Rxd4 Qe7 15. Nxd5 Bxd5 16. Qa4 Nc5 $11 17. Qa3 Rfd8
18. Rcd1 a5 19. b3 Qc7 20. Qb2 f6 $6 (20... Rac8 $11) 21. Ne1 Rd7 22. Bb5 Bc6
23. Rxd7 Bxd7 24. Bxd7 Nxd7 25. Nf3 Nc5 26. Qd4 Ra7 $2 (26... Rc8 $11) 27. Qc4
Qe7 28. h3 Rd7 $11 29. Rd4 Rxd4 $2 (29... Rc7 $142 $5 $11) 30. exd4 $16 Nd7 31.
Qc6 Kf7 (31... Nf8 32. Qxb6 Qa3 33. d5 exd5 34. Qc6 Qxa2 35. Qxd5+ Kh8 36. Qc5
$14) 32. Nd2 Qd8 33. Nc4 g5 34. g4 Qe7 $2 (34... Nf8 $142 $5 35. Qxb6 Qxb6 36.
Nxb6 Ng6 $18) 35. Nd6+ $18 Kg6 $2 (35... Kg7 $18) 36. Qe4+ Kh6 37. Nf5+ $1 1-0

[Event "SR 2. liga A 2011/2012"]
[Site "?"]
[Date "2011.10.08"]
[Round "1.5"]
[White "Jozefek, Michal"]
[Black "Kovacova, Zuzana"]
[Result "1-0"]
[WhiteElo "1910"]
[BlackElo "2123"]
[PlyCount "83"]
[EventDate "2011.??.??"]
[WhiteTeam "Slovakia"]
[BlackTeam "Slovakia"]
[WhiteTeamCountry "SVK"]
[BlackTeamCountry "SVK"]

1. d4 d5 2. c4 c6 3. Nf3 Nf6 4. e3 e6 5. b3 Nbd7 6. Bd3 g6 7. O-O Bg7 8. Ba3 b6
9. Nbd2 Bb7 10. cxd5 cxd5 11. Ne5 Bf8 12. Bxf8 Kxf8 13. f4 Kg7 14. Qe1 Rc8 15.
Ndf3 Ne4 16. Bxe4 dxe4 17. Nd2 Nb8 18. a4 Qd5 19. Qh4 Rc7 20. Ng4 h5 21. Qf6+
Kg8 22. Ne5 Rh7 23. Rac1 Nc6 24. Rc3 Qd6 25. Rfc1 a5 26. Ndc4 Qe7 27. Qxe7 Nxe7
28. Nxb6 Rxc3 29. Rxc3 Nd5 30. Nxd5 Bxd5 31. Nc6 f6 32. Nxa5 Ra7 33. Nc4 Ra6
34. Nd2 Ra7 35. Kf2 Kf7 36. Ke1 Ke7 37. Kd1 Kd7 38. Kc2 Ra8 39. Rc5 g5 40. fxg5
fxg5 41. a5 h4 42. Nc4 1-0

[Event "SR 2. liga A 2011/2012"]
[Site "?"]
[Date "2011.10.08"]
[Round "1.6"]
[White "Chovanec, Vladimir"]
[Black "Spacek, Oliver"]
[Result "1-0"]
[WhiteElo "2114"]
[BlackElo "1907"]
[PlyCount "67"]
[EventDate "2011.??.??"]
[WhiteTeam "Slovakia"]
[BlackTeam "Slovakia"]
[WhiteTeamCountry "SVK"]
[BlackTeamCountry "SVK"]

1. e4 c5 2. Nc3 e6 3. f4 d5 4. Nf3 dxe4 5. Nxe4 Nf6 6. d3 b6 7. Be3 Bb7 8.
Nxf6+ gxf6 9. d4 Nc6 10. dxc5 Bxc5 11. Bxc5 bxc5 12. Qxd8+ Rxd8 13. Bb5 Ke7 14.
c3 a6 15. Be2 e5 16. Nd2 f5 17. Nb3 c4 18. Bxc4 exf4 19. O-O Ne5 20. Rxf4 Rhg8
21. Bf1 Nf3+ 22. Kh1 Nd2 23. Rf2 Ne4 24. Rxf5 Ke6 25. Rf3 Ke5 26. Rxf7 Rd7 27.
Rf3 Rdg7 28. Re1 Kd6 29. Nd4 Kd7 30. Nf5 Rf7 31. Bc4 Rxf5 32. Rxf5 Re8 33. Rd1+
Kc8 34. Kg1 1-0

[Event "SR 2. liga A 2011/2012"]
[Site "?"]
[Date "2011.10.08"]
[Round "1.7"]
[White "Diviak, Rastislav"]
[Black "Orolin, Peter"]
[Result "1-0"]
[WhiteElo "2020"]
[BlackElo "2074"]
[PlyCount "78"]
[EventDate "2011.??.??"]
[WhiteTeam "Slovakia"]
[BlackTeam "Slovakia"]
[WhiteTeamCountry "SVK"]
[BlackTeamCountry "SVK"]

1. e4 c5 2. Nf3 e6 3. d4 cxd4 4. Nxd4 a6 5. Bd3 Bc5 6. Nb3 Ba7 7. Qe2 Nc6 8.
Be3 Bxe3 9. Qxe3 d6 10. c4 Nge7 11. Nc3 O-O 12. O-O Re8 13. Rad1 Na5 14. Nd4
Qc7 15. Qe2 Bd7 16. Rc1 Rac8 17. b3 Nac6 18. Nf3 Ng6 19. Qd2 Nce5 20. Nxe5 Nxe5
21. Be2 Red8 22. Kh1 Be8 23. f4 Ng6 24. f5 Ne5 25. f6 gxf6 26. Rxf6 b5 27. Qh6
Qb7 28. Rcf1 b4 29. Nd5 exd5 30. exd5 Qe7 31. R1f5 Qf8 32. Rg5+ Ng6 33. Qh5 Qg7
34. Rf1 Rc7 35. Qf3 Re7 36. h4 Re5 37. Rg3 h5 38. Bd3 Bd7 39. Qf6 Bg4 {time}
1-0

[Event "SR 2. liga A 2011/2012"]
[Site "?"]
[Date "2011.10.08"]
[Round "1.8"]
[White "Danada, Tomas"]
[Black "Spacek, Marcel"]
[Result "1-0"]
[WhiteElo "1960"]
[BlackElo "1818"]
[PlyCount "57"]
[EventDate "2011.??.??"]
[WhiteTeam "Slovakia"]
[BlackTeam "Slovakia"]
[WhiteTeamCountry "SVK"]
[BlackTeamCountry "SVK"]

1. d4 Nf6 2. c4 g6 3. Nc3 Bg7 4. e4 d6 5. Be2 O-O 6. Nf3 Nbd7 7. O-O e5 8. Re1
Re8 9. dxe5 dxe5 10. Qc2 c6 11. h3 Bf8 12. a3 a5 13. Be3 Nc5 14. Red1 Qb6 15.
Nd2 Qc7 16. Rab1 Be6 17. b4 axb4 18. axb4 Na6 19. c5 Nd7 20. Na4 Qc8 21. Nc4
Bxc4 22. Bxc4 Nc7 23. Rd2 Nb5 24. Rbd1 Na3 25. Bxf7+ Kxf7 26. Rxd7+ Be7 27.
Qb3+ Kf6 28. R1d6+ Bxd6 29. Qf7# 1-0

[Event "SR 2. liga A 2011/2012"]
[Site "?"]
[Date "2011.10.08"]
[Round "2.1"]
[White "Hertel, Ondrej"]
[Black "Petrik, Stanislav"]
[Result "1/2-1/2"]
[WhiteElo "2073"]
[BlackElo "2165"]
[PlyCount "81"]
[EventDate "2011.??.??"]
[WhiteTeam "Slovakia"]
[BlackTeam "Slovakia"]
[WhiteTeamCountry "SVK"]
[BlackTeamCountry "SVK"]

1. d4 Nf6 2. Nf3 b5 3. g3 Bb7 4. Bg2 e6 5. O-O c5 6. b3 d5 7. Ne5 Nbd7 8. Bb2
Nxe5 9. dxe5 Nd7 10. c4 bxc4 11. bxc4 Qb6 12. Qb3 Rb8 13. cxd5 Bxd5 14. Bxd5
exd5 15. Nd2 Qe6 16. Qc2 g5 17. Rab1 Be7 18. e3 O-O 19. f4 f5 20. Bc3 Rxb1 21.
Rxb1 Rf7 22. Qa4 d4 23. exd4 gxf4 24. Qc4 Qxc4 25. Nxc4 cxd4 26. Bxd4 Bc5 27.
Bxc5 Nxc5 28. gxf4 Ne6 29. Rb8+ Rf8 30. Rxf8+ Kxf8 31. Nd6 Nxf4 32. Nxf5 Kf7
33. Nd4 Nd3 34. e6+ Kf6 35. e7 Kf7 36. Nc6 a6 37. Kg2 Nf4+ 38. Kf3 Nd5 39. Kg4
Nxe7 40. Nxe7 Kxe7 41. Kg5 1/2-1/2

[Event "SR 2. liga A 2011/2012"]
[Site "?"]
[Date "2011.10.09"]
[Round "2.2"]
[White "Kovac, Andrej"]
[Black "Bezuch, Martin"]
[Result "1-0"]
[WhiteElo "2154"]
[BlackElo "2210"]
[PlyCount "95"]
[EventDate "2011.??.??"]
[WhiteTeam "Slovakia"]
[BlackTeam "Slovakia"]
[WhiteTeamCountry "SVK"]
[BlackTeamCountry "SVK"]

1. d4 d6 2. Nf3 Nd7 3. g3 g6 4. Bg2 Bg7 5. O-O Ngf6 6. c4 O-O 7. Nc3 e5 8. h3
c6 9. e4 Qb6 10. c5 dxc5 11. dxe5 Ne8 12. e6 fxe6 13. Ng5 Ne5 14. f4 Nf7 15.
Nxf7 Rxf7 16. e5 c4+ 17. Kh2 Qc7 18. Be3 Bf8 19. Qe2 b5 20. Nxb5 cxb5 21. Bxa8
Bb7 22. Bxb7 Qxb7 23. Rfd1 Qe4 24. Rd4 Qc6 25. a4 a6 26. axb5 axb5 27. Rd8 Nc7
28. Qg2 Nd5 29. Raa8 Kg7 30. Bg1 b4 31. Rdc8 Qb5 32. Rab8 Qa6 33. Ra8 Qb5 34.
Rab8 Qa6 35. Qe2 Qa2 36. Ra8 Qb3 37. Rxc4 h5 38. h4 Ne7 39. Ra7 Nf5 40. Rxf7+
Kxf7 41. Bf2 Be7 42. Rc6 Qd5 43. Qc4 Qd7 44. Ra6 Nh6 45. Qc6 Qd5 46. Qxd5 exd5
47. Bd4 Ng4+ 48. Kg2 1-0

[Event "SR 2. liga A 2011/2012"]
[Site "?"]
[Date "2011.10.08"]
[Round "2.2"]
[White "Petrik, Karol"]
[Black "Liptak, Dusan"]
[Result "1-0"]
[WhiteElo "2082"]
[BlackElo "2075"]
[PlyCount "97"]
[EventDate "2011.??.??"]
[WhiteTeam "Slovakia"]
[BlackTeam "Slovakia"]
[WhiteTeamCountry "SVK"]
[BlackTeamCountry "SVK"]

1. e4 c5 2. Ne2 Nc6 3. c4 Nd4 4. Nbc3 g6 5. Nxd4 cxd4 6. Ne2 Bg7 7. g3 d6 8.
Bg2 e5 9. O-O Be6 10. d3 Ne7 11. Qa4+ Qd7 12. Qxd7+ Kxd7 13. Bd2 Rhc8 14. f4
Rab8 15. Rad1 b5 16. b3 a5 17. h3 a4 18. g4 f6 19. Rb1 Ra8 20. f5 Bg8 21. Rb2
axb3 22. axb3 Rcb8 23. Rc2 bxc4 24. bxc4 Ra3 25. Nc1 Nc6 26. g5 gxf5 27. exf5
Ne7 28. h4 d5 29. cxd5 Bxd5 30. h5 Bxg2 31. Kxg2 Ra6 32. g6 hxg6 33. hxg6 Rh8
34. Ne2 Nd5 35. Rb1 Rb6 36. Rxb6 Nxb6 37. Ng3 Nd5 38. Ra2 Kc6 39. Ra7 Rg8 40.
Kf3 Bf8 41. Ne4 Bg7 42. Rf7 Kb5 43. Rd7 Nb6 44. Rd6 Rf8 45. Be1 Na4 46. Rd7 Rg8
47. Rf7 Nc5 48. Nxc5 Kxc5 49. Bh4 1-0

[Event "SR 2. liga A 2011/2012"]
[Site "?"]
[Date "2011.10.09"]
[Round "2.3"]
[White "Petrik, Stanislav"]
[Black "Hecko, Dusan"]
[Result "1-0"]
[WhiteElo "2165"]
[BlackElo "2123"]
[Annotator "Hecko"]
[PlyCount "119"]
[EventDate "2011.??.??"]
[WhiteTeam "Slovakia"]
[BlackTeam "Slovakia"]
[WhiteTeamCountry "SVK"]
[BlackTeamCountry "SVK"]

{B10: Caro-Kann: 2 d3 and 2 c4} 1. e4 c6 2. c4 d5 3. exd5 cxd5 4. cxd5 Nf6 5.
Nc3 g6 6. Bb5+ Nbd7 7. Nf3 Bg7 8. d6 exd6 9. Qe2+ Qe7 10. Qxe7+ Kxe7 11. O-O
Re8 (11... Nb6 12. b3 $11) ({kniz. Fritz} 11... Rd8 12. Re1+ Kf8 13. Bc4 d5 14.
Bxd5 Nxd5 15. Nxd5 Ne5 16. Nxe5 Rxd5 $11) 12. d4 $14 a6 13. Ba4 b5 14. Bb3 Nb6
15. Re1+ Kf8 16. Bf4 Rd8 17. Ng5 Ra7 18. Nce4 Nxe4 19. Nxe4 Rad7 20. Bg5 Re8
21. Nf6 Rxe1+ 22. Rxe1 Bxf6 23. Bxf6 Nc4 24. Re2 Bb7 25. f3 Bd5 26. Bd1 Rc7 27.
Kf2 Be6 28. Rc2 Rc8 29. b3 Nb6 30. Rxc8+ Bxc8 31. a4 bxa4 32. bxa4 Nd5 33. Bd8
Nc3 34. Bc2 Bd7 35. a5 Bb5 36. Bb3 d5 37. Bg5 Bc4 38. Bc2 $14 f5 39. Ke3 Kf7
40. h4 h5 (40... Ke6 41. Bd8 $11) 41. Bd8 Nb5 42. Bb6 Nd6 43. Kf4 Kf6 44. Bd8+
Ke6 45. Bc7 Nb5 46. Bb6 Be2 47. Ba4 Bf1 48. Kg5 Kf7 49. g4 hxg4 50. fxg4 fxg4
51. Kxg4 Nc3 52. Bc2 Be2+ 53. Kf4 Ne4 54. Ke5 Bc4 55. Bd1 Ke7 56. Bg4 $18 Ng3
57. Be6 Nf5 $4 (57... Ne2 $18) 58. h5 Ng7 59. Bc5+ Ke8 60. h6 1-0

[Event "SR 2. liga A 2011/2012"]
[Site "?"]
[Date "2011.10.08"]
[Round "2.3"]
[White "Puchart, Vladimir"]
[Black "Krajnak, Robert"]
[Result "1-0"]
[WhiteElo "2079"]
[BlackElo "2094"]
[PlyCount "63"]
[EventDate "2011.??.??"]
[WhiteTeam "Slovakia"]
[BlackTeam "Slovakia"]
[WhiteTeamCountry "SVK"]
[BlackTeamCountry "SVK"]

1. d4 Nf6 2. c4 e6 3. g3 c5 4. Nf3 cxd4 5. Nxd4 Qc7 6. Qa4 Nc6 7. Nb5 Qb8 8.
Bg2 a6 9. N5c3 Be7 10. O-O O-O 11. Bf4 Ne5 12. Nd2 d6 13. Nce4 Nfd7 14. Bg5 f6
15. Bf4 f5 16. Ng5 Nc5 17. Qc2 h6 18. Ngf3 g5 19. Be3 Nc6 20. h4 g4 21. Nd4
Nxd4 22. Bxd4 e5 23. Be3 Kg7 24. f3 f4 25. gxf4 Bf5 26. Qc3 Na4 27. Qb4 Qe8 28.
fxg4 Bxg4 29. fxe5 Rxf1+ 30. Nxf1 dxe5 31. Qxb7 Rb8 32. Qc7 1-0

[Event "SR 2. liga A 2011/2012"]
[Site "?"]
[Date "2011.10.08"]
[Round "2.4"]
[White "Magyar, Frantisek"]
[Black "Sturdik, Igor"]
[Result "1/2-1/2"]
[WhiteElo "2019"]
[BlackElo "2067"]
[PlyCount "43"]
[EventDate "2011.??.??"]
[WhiteTeam "Slovakia"]
[BlackTeam "Slovakia"]
[WhiteTeamCountry "SVK"]
[BlackTeamCountry "SVK"]

1. d4 Nf6 2. c4 c5 3. d5 e6 4. Nc3 exd5 5. cxd5 d6 6. e4 g6 7. Nf3 Bg7 8. Be2
O-O 9. O-O Re8 10. Nd2 Na6 11. Bxa6 bxa6 12. f3 Nh5 13. Nc4 Bd4+ 14. Be3 Bxe3+
15. Nxe3 a5 16. Qd2 Ba6 17. Rfe1 Rb8 18. b3 Rb4 19. Nc2 Rb8 20. Na3 Rb4 21. Nc2
Rb8 22. Na3 1/2-1/2